00553pam a2200157 a 4500020000500000041000500005082001300010100001600023245003900039260005600078300001100134700001800145930000900163999001900172952020400191 c h a6.5bGAM aGamma,Erich aDesign PatternshTextual Documents aNew DelhibPearson Education [Addison Wesley]c2010 aXV/395 aHelm, Richard a1427 c108260d108260 001040708GeneralaAKSbAKScAKS-MCA-CIR-Rack-34d2010-06-10eBharati Madhyavarti Sahakari Grahakbhandar Limitedg450.00l5o6.5 GAMpAKS-C-03131r2024-12-12 00:00:00s2024-11-28t1w2023-03-01yBK